| 000 | 00570pam a2200229 i 4500 | ||
|---|---|---|---|
| 001 | 4627959 | ||
| 005 | 20180214032437.0 | ||
| 008 | 780831s1979 enk b 001 0 eng | ||
| 010 | _a 78010522 | ||
| 020 | _a0471997390 | ||
| 040 |
_aDLC _cDLC _dDLC |
||
| 041 | _aeng | ||
| 043 | _ae-fr--- | ||
| 080 | _a658.400 | ||
| 082 | 0 | 0 | _a658.400 HOG |
| 100 | 1 | _a54 | |
| 101 | _aLID | ||
| 245 | 1 | 0 |
_aEvaluating management education / _cRobin M. Hogarth. |
| 504 | _aBibliography: p. 337-341. | ||
| 906 |
_a7 _bcbc _corignew _d1 _eocip _f19 _gy-gencatlg |
||
| 942 |
_2ddc _cBK |
||
| 999 |
_c42434 _d42434 |
||